000 01100cab a2200253 4500
001 ABS55134
008 090401t1996 xxu||||| |||| 00| 0 eng d
035 _a(Sirsi) u14439
041 _aeng
245 _aRelocation: North of England
260 _c1996
350 _a0
490 _aInvestors Chronicle
_v116(1478) 31 May 1996, 77-84(6)
520 _aWarns inward investment agencies and economic development agencies in northern England of research that shows that business relocations to the north of England could come to a halt; as relocations within England almost cease and as agencies in other areas become more competitive. Considers what makes a company relocate, what attracts international relocations; the appeal of dockland schemes and concludes with a profile of Dearne Valley Partnership.
650 _aDEARNE VALLEY PARTNERSHIP
650 _aELECTRONICS INDUSTRY
650 _aENGLISH PARTNERSHIPS
650 _aINWARD INVESTMENT
650 _aNORTH OF ENGLAND
650 _aRELOCATION
690 _aPROPERTY-COMMERCIAL PROPERTY
942 _n0
948 _c04/03/1997
999 _c9409
_d9409